| 000 | 00601nam a2200217Ii 4500 | ||
|---|---|---|---|
| 003 | JO-AjNU | ||
| 008 | 230606s9999||||xx |||||||||||||| ||und|| | ||
| 020 | _a978-0-13-272610-8 | ||
| 040 |
_aJO-AjNU _beng _erda _cJO-AjNU |
||
| 041 | _aeng | ||
| 050 | 1 | 4 | _aTE251.H77 2012 |
| 100 | 3 |
_aHuang ,Yang h, _eauthor _94881 |
|
| 245 | 0 | 0 | _aPavement Analysis and Design |
| 250 | _a2 ed | ||
| 264 | 3 | 1 | _aLondon :pearson , 2012 |
| 300 | _a772p | ||
| 336 |
_atext _btxt _2rdacontent |
||
| 337 |
_aunmediated _bn _2rdamedia |
||
| 338 |
_avolume _bnc _2rdacarrier |
||
| 650 | 4 |
_aPavement Analysis -Design _94882 |
|
| 999 |
_aE2526 _c2524 _d2524 |
||